00434nam a2200133Ia 4500082001200000100002300012245004800035260002900083300001000112650004300122650005200165650006200217710002100279 aTD.0142 aDave, Hansa Mahesh 0aStudy of institutionalized delinquent girls c1974bGujarat University a454p. aDELINQUENT GIRLS - GUJARAT - AHMEDABAD aCORRECTIONAL INSTITUTIONS - GUJARAT - AHMEDABAD aJUVENILE DELINQUENCY - CASE STUDIES - GUJARAT - AHMEDABAD aBhatt, Champa L.